| 000 | 00610nam a2200205Ia 4500 | ||
|---|---|---|---|
| 008 | 220705s9999||||xx |||||||||||||| ||und|| | ||
| 020 | _a978-981-16-6237-9 | ||
| 020 | _a978-981-16-6238-6 | ||
| 040 | _cSpringer | ||
| 041 | _aENG | ||
| 100 | _a Carlo Ghezzi | ||
| 100 | _a Edward A. Lee | ||
| 100 | _a Erich Prem | ||
| 100 | _aHannes Werthner | ||
| 245 | 0 | _aGreening the Greyfields | |
| 260 |
_bSpringer Nature Singapore _c2022 |
||
| 650 | _aSocial Sciences | ||
| 856 |
_fhttps://doi.org/10.1007/978-981-16-6238-6 _uhttps://link.springer.com/openurl?genre=book&isbn=978-981-16-6238-6 |
||
| 942 | _cEBK | ||
| 999 |
_c77239 _d77239 |
||